Perspectivas trasatlánticas en la literatura Chicana: ensayos y creatividad

I tiakina i:
Ngā taipitopito rārangi puna kōrero
Ngā kaituhi matua: Herrera-Sobek, María (Author), Perles Rochel, Juan Antonio (Author)
Ētahi atu kaituhi: Lomeli, Francisco A. (autor)
Hōputu: Pukapuka
Reo:Pāniora
Ingarihi
I whakaputaina: Málaga Universidad de Málaga 2002
Ngā marau:
Ngā Tūtohu: Tāpirihia he Tūtohu
Kāore He Tūtohu, Me noho koe te mea tuatahi ki te tūtohu i tēnei pūkete!

MARC

LEADER 00000nam a2200000 a 4500
001 UCI0327
003 CL-VaPUC
008 070504e20020000SP |||||||||||||||||spa|d
020 |a 8497470575 
041 0 7 |a spa  |2 CL-VaPUC 
041 0 7 |a eng  |2 CL-VaPUC 
082 0 4 |a 810.9  |b HER  |2 21 
100 0 |a Herrera-Sobek, María  |e author  |9 520500 
700 |a Lomeli, Francisco A.  |e autor  |9 322551 
700 0 |a Perles Rochel, Juan Antonio  |e author  |9 520502 
245 1 0 |a Perspectivas trasatlánticas en la literatura Chicana: ensayos y creatividad 
300 |a 325 p 
942 |c BK 
945 |d 20070504 00:00:00  |a jtorresc 
260 |a Málaga  |b Universidad de Málaga  |c 2002 
650 7 |a LITERATURA AMERICANA  |2 CL-VaPUC  |9 416805 
650 0 |a Historia y crítica   |9 257407 
650 0 |a Congresos  |9 257560 
583 |a last modification  |c 20130305 08:57:14  |k Rodrigo Vera 
999 |c 325564  |d 325562 
952 |0 0  |1 0  |4 0  |6 810_900000000000000_HER_2002  |7 0  |8 A  |9 406551  |a FDOPOS  |b FDOPOS  |d 2019-11-22  |i 4251903  |o 810.9 HER 2002  |p 4251903  |r 2025-01-22  |w 2019-11-22  |y BK  |k MLA